书目信息 |
| 题名: |
房地产估价规范 GB/T 50291-1999
|
|
| 作者: | 中华人民共和国建设部 主编 | |
| 分册: | ||
| 出版信息: | 北京 中国建筑工业出版社 1999.04 |
|
| 页数: | 80页 | |
| 开本: | 32开 | |
| 丛书名: | ||
| 单 册: | ||
| 中图分类: | F293.3-65 | |
| 科图分类: | ||
| 主题词: | 城市经济 , 市政经济 | |
| 电子资源: | ||
| ISBN: | ||
| 000 | 00661nam0 2200205 45 | |
| 001 | 0009171559 | |
| 005 | 20010314101107.1 | |
| 010 | @d11.00元 | |
| 100 | @a20000917d1999 km y0chiy0120 ea | |
| 101 | 0 | @achi |
| 105 | @a z 000yy | |
| 200 | 1 | @a房地产估价规范 GB/T 50291-1999@AFang Di Chan Gu Jia Gui Fan GB/T 50291-1999@f中华人民共和国建设部主编@FZhong Hua Ren Min Gong He Guo Jian She Bu Zhu Bian |
| 210 | @a北京@c中国建筑工业出版社@d1999.04 | |
| 215 | @a80页@d32开 | |
| 606 | 0 | @a城市经济 |
| 606 | 0 | @a市政经济 |
| 690 | @aF293.3-65@v3 | |
| 701 | 0 | @a中华人民共和国建设部@4主编 |
| 801 | @aCN@bPftUser@c20000917 | |
| 905 | @dF293.3-65@eZH:706@b327979-983@f5 | |
| 房地产估价规范 GB/T 50291-1999/中华人民共和国建设部主编.-北京:中国建筑工业出版社,1999.04 |
| 80页;32开 |
| ISBN :11.00元 |
| ● |
| 相关链接 |
|
|
|
正题名:房地产估价规范GB/T 50291-1999
索取号:F293.3-65/ZH:706
 
预约/预借
| 序号 | 登录号 | 条形码 | 馆藏地/架位号 | 状态 | 备注 |
| 1 | 327979 | 203279790 | 社科二线422/409社科库 106排2列2层/ [索取号:F293.3-65/ZH:706] | 在馆 | |
| 2 | 327980 | 203279807 | 社科二线422/409社科库 106排2列1层/ [索取号:F293.3-65/ZH:706] | 在馆 | |
| 3 | 327981 | 203279816 | 社科库409/409社科库 106排2列6层/ [索取号:F293.3-65/ZH:706] | 在馆 | |
| 4 | 327982 | 203279825 | 社科库409/409社科库 48排5列1层/ [索取号:F293.3-65/ZH:706] | 在馆 | |
| 5 | 327983 | 203279834 | 社科二线422/409社科库 106排1列6层/ [索取号:F293.3-65/ZH:706] | 在馆 |